Faculty of Law Library — Cairo University

Official Online Catalog

REPORT OF THE INTERNATIONAL COMMITTEE OF THE RED CROSS ON ITS ACTIVITES DURING THE SECOND WORLD WAR. (Record no. 46480)

MARC details
000 -LEADER
fixed length control field 01159nam a22003137i 4500
003 - CONTROL NUMBER IDENTIFIER
control field EG-GICUC
005 - DATE AND TIME OF LATEST TRANSACTION
control field 20260121101352.0
008 - FIXED-LENGTH DATA ELEMENTS--GENERAL INFORMATION
fixed length control field 251127s1948 sz ||||fr|||| 00| 0 eng d
040 ## - CATALOGING SOURCE
Original cataloging agency EG-GiCUC
Language of cataloging eng
Transcribing agency EG-GiCUC
Modifying agency EG-GiCUC
Description conventions rda
041 ## - LANGUAGE CODE
Language code of text/sound track or separate title eng
082 04 - DEWEY DECIMAL CLASSIFICATION NUMBER
Edition number 21
Classification number 341.65
Item number I N . R
092 04 - LOCALLY ASSIGNED DEWEY CALL NUMBER (OCLC)
Edition number 21
099 ## - LOCAL FREE-TEXT CALL NUMBER (OCLC)
Classification number Law1 11 341.65 I N . R 1948
110 2# - MAIN ENTRY--CORPORATE NAME
Corporate name or jurisdiction name as entry element International Committee of the Red Cross
245 10 - TITLE STATEMENT
Title REPORT OF THE INTERNATIONAL COMMITTEE OF THE RED CROSS ON ITS ACTIVITES DURING THE SECOND WORLD WAR.
Statement of responsibility, etc. International Committee of the Red Cross.
Number of part/section of a work Voolume 1,
Name of part/section of a work GENERAL ACTIVITIES /
264 #1 - PRODUCTION, PUBLICATION, DISTRIBUTION, MANUFACTURE, AND COPYRIGHT NOTICE
Place of production, publication, distribution, manufacture GENEVA:
Name of producer, publisher, distributor, manufacturer International Committee of the Red Cross,
Date of production, publication, distribution, manufacture, or copyright notice 1948.
300 ## - PHYSICAL DESCRIPTION
Extent 736 pages ;
Dimensions 24 cm.
Other physical details illustrations,
336 ## - CONTENT TYPE
Source rda content
Content type term text
337 ## - MEDIA TYPE
Source rda media
Media type term Computer
338 ## - CARRIER TYPE
Source rda carrier
Carrier type term Online Resource
504 ## - BIBLIOGRAPHY, ETC. NOTE
Bibliography, etc. note Includes bibliographical references.
546 ## - LANGUAGE NOTE
Language note Text in English
650 1# - SUBJECT ADDED ENTRY--TOPICAL TERM
Topical term or geographic name entry element RED CROSS
General subdivision Public international law
Source of heading or term qrmak
650 1# - SUBJECT ADDED ENTRY--TOPICAL TERM
Topical term or geographic name entry element THE SECOND WORLD WAR
Source of heading or term qrmak
651 1# - SUBJECT ADDED ENTRY--GEOGRAPHIC NAME
Source of heading or term qrmak
856 40 - ELECTRONIC LOCATION AND ACCESS
Uniform Resource Identifier <a href="https://fll.law.cu.edu.eg/fulltext/bks/B11-05975.pdf">https://fll.law.cu.edu.eg/fulltext/bks/B11-05975.pdf</a>
905 ## - Cataloger and Reviser Names
Cataloger Name: Rawan khaled
942 ## - ADDED ENTRY ELEMENTS (KOHA)
Source of classification or shelving scheme Dewey Decimal Classification
Koha item type Books
Edition 21
Suppress in OPAC No
Holdings
Withdrawn status Lost status Source of classification or shelving scheme Damaged status Not for loan Collection Home library Current library Date acquired Total checkouts Full call number Barcode Date last seen Copy number Price effective from Koha item type
    Dewey Decimal Classification   Not for loan القانون الدولي العام جــــامعة القــاهرة مكتبة كلية الحقوق - المبنى الرئيسي 27.11.2025   Law1 11 341.65 I N . R 1948 1105975 V1, C1 B11-05975 27.11.2025 1 27.11.2025 Books

© All rights reserved — Faculty of Law, Cairo University